00458nam a22001457a 450000500170000000800410001702000160005808200190007410000220009324501060011525000090022126000490023030000180027965000150029720240219005710.0240219b |||||||| |||| 00| 0 eng d a0195643321. 222a320.bCit. aMamdani, Mahmood. aCitizen and Subject ;bDecentralized despotism and the legacy of late colonialism /cMahood, Mamdani. a1st. aNew Delhi .,bOxford university pressc1997. axii, 353 p.,  aPolitics.